000 00720nam a2200205Ia 4500
005 20260121110242.0
008 008 260114s9999 xx 000 0 hin d
020 _a9788132357209
037 _aEBOOK
040 _aCRL
_bhin
_cCRL
041 _ahin
_2hin
084 _qCRL
100 _aसुनीता रानी / Sunita Rani
_9943913
245 0 _aसरकारी योजनाएं एवं श्रामिक सशक्तिकरण / Sarkari Yojnaayein Aur Shramik Sashaktikaran
260 _bभाषा प्रकाशन / Bhasha Prakashan
_c2021
856 _uhttps://bhashaprakashan.com/product-details/378861
942 _cEBOOK
999 _c1535578
_d1535578